00971nam a22002057a 450000500170000000700150001700800410003202000220007303500100009504000090010524501040011425600240021826000570024230000280029950602700032765000410059765000480063874000380068685600410072420240305165625.0cr|||| |||| 220121s2019 eu |||||s|||| 00||0 eng d a978-92-79-92943-4 a34533 avLex00aGuidance on energy transmission infrastructure and EU nature legislationh[Recurso electrónico] / aServicio en línea aBruselas:bEuropean Union Publications Office,c2019 a1 recurso electrónico1 aDisponible solo en los productos indicadosdvLex GlobaldvLex Global (Academic Edition, excluding Law Schools)dvLex Global (U.S. Academic Edition, Law Schools)dvLex Global (U.S. Academic Edition, excluding Law Schools)dvLex Global (Academic Edition, Law Schools)04aDerecho ComunitariozUnión Europea04aDerecho del Medio AmbientezUnión Europea0 avLex Libros (Servicio en línea)40uhttps://app.vlex.com/#/sources/34533